00881nam a22002177a 4500003000500000005001700005008004100022010001100063011001100074035001100085040000900096100003800105245016800143260004000311500006000351502011500411650002300526650002500549650002500574856006400599CHAP20220329143839.0120110s2011 mx r 00010 spa d a102713 a103685 a114374 cCHAP1 aYáñez Chávez, Luis Gerardo.10aEvaluación en la producción de tomate (Lycopersicum Mill.) bajo sistemas de manejo convencional y alternativoh[En línea]c/por Luis Gerardo Yañez Chávez aBermejillo, Dgo. :bEl autor,c2011 aPara ver el contenido del material haga clic en la liga aTesis (Ing. Agr. en Sistemas Agricolas de Zonas Áridas UACH. Unidad Regional Universitaria de Zonas Áridas14aCultivosxDurango.14aSistemas de cultivo.14aTomatexRendimiento. 3Finding aiduhttp://10.13.5.2/tesis/114374.pdfzTeclea aqui